All the Geography I know by Letter-W - Statistics

General Stats
  • This quiz has been taken 44 times
  • The average score is 7 of 10
Answer Stats
Hint Answer % Correct
"Country" of the United Kingdom Wales
100%
Capital of New Zealand Wellington
95%
American State Wyoming
90%
American State Wisconsin
85%
American State Washington
78%
City in China Wuhan
75%
Capital of Namibia Windhoek
73%
City in Texos Waco
38%
City in United Kingdom Worcester
30%
City in Namibia Walvis Bay
23%
No matching quizzes found
Score Distribution
Percent of People with Each Score
Percentile by Number Answered
Your Score History
You have not taken this quiz